CoD Zombies Maps (WaW - BO3) - Statistics

General Stats
  • This quiz has been taken 608 times
  • The average score is 20 of 27
Answer Stats
Game Answer % Correct
BO1 Kino Der Toten
93%
WaW Nacht Der Untoten
91%
BO1 Moon
90%
BO2 Origins
90%
WaW Shi No Numa
90%
BO2 Tranzit
90%
BO1 Five
89%
BO2 Buried
87%
BO2 Mob Of The Dead
86%
WaW Der Riese
85%
BO3 Shadows Of Evil
85%
BO2 Die Rise
84%
BO1 Shangri-La
82%
BO1 Ascension
81%
BO3 The Giant
81%
WaW Verrückt
81%
BO3 Der Eisendrache
79%
BO1 Call Of The Dead
78%
BO3 Revelations
78%
BO3 Gorod Krovi
77%
BO2 Nuketown Zombies
74%
BO3 Zetsubou No Shima
60%
BO1 Dead Ops Arcade
58%
AW Infection
26%
AW Outbreak
26%
AW Carrier
25%
AW Descent
24%
No matching quizzes found
Score Distribution
Percent of People with Each Score
Percentile by Number Answered
Your Score History
You have not taken this quiz